| 000 | 00650nam a2200181Ia 4500 | ||
|---|---|---|---|
| 008 | 151202s9999||||xx |||||||||||||| ||und|| | ||
| 082 | _bPNVM-123874 | ||
| 100 | _aखळदकर अरविंद. | ||
| 245 | _aशेअरबाजाराशी मैत्री. | ||
| 260 | _b"कौशिक प्रकाशन,सातारा." | ||
| 260 | _c0 | ||
| 300 | _a220 | ||
| 600 | _aखळदकर अरविंद. | ||
| 630 | _aशेअरबाजाराशी मैत्री. | ||
| 700 | _aखळदकर अरविंद. | ||
| 730 | _aशेअरबाजाराशी मैत्री. | ||
| 942 | _cBOOK | ||
| 999 |
_c1354003 _d1354000 |
||